[Event "Women's Speed Chess Q5"]
[Site "chess.com INT"]
[Date "2020.06.22"]
[Round "5"]
[White "Yu, Jennifer"]
[Black "Soumya, Swaminathan"]
[Result "0-1"]
[WhiteTitle "FM"]
[BlackTitle "IM"]
[WhiteElo "2315"]
[BlackElo "2351"]
[WhiteFideId "2078341"]
[BlackFideId "5016193"]
[EventDate "2020.06.22"]

1. d4 Nf6 2. c4 g6 3. Nc3 d5 4. cxd5 Nxd5 5. g3 Bg7 6. Bg2 Nb6 7. Nf3 Nc6 8. e3
O-O 9. O-O Re8 10. Re1 e5 11. d5 Na5 12. e4 c6 13. b3 cxd5 14. exd5 Bg4 15. Ba3
e4 16. Nxe4 Qxd5 17. Qxd5 Nxd5 18. Rac1 Nc6 19. Nd6 Rxe1+ 20. Nxe1 Nc3 21. Rc2
Rd8 22. h3 Be6 23. Kh2 Nb1 24. Nxb7 Nxa3 25. Rxc6 Rd1 26. Nc2 Rd2 27. Nxa3 Rxa2
28. Nb5 Rxf2 29. Kg1 Rxg2+ 30. Kxg2 Bd5+ 31. Kf2 Bxc6 32. N7d6 a6 33. Nc7 Be5
34. Nde8 Kf8 0-1

[Event "Women's Speed Chess Q5"]
[Site "chess.com INT"]
[Date "2020.06.22"]
[Round "5"]
[White "Martynyuk, Elizaveta"]
[Black "Kovanova, Baira"]
[Result "0-1"]
[WhiteTitle "FM"]
[BlackTitle "WGM"]
[WhiteElo "2041"]
[BlackElo "2343"]
[WhiteFideId "24128511"]
[BlackFideId "4164083"]
[EventDate "2020.06.22"]

1. e4 e5 2. Nf3 Nc6 3. Bc4 Nf6 4. d3 Be7 5. c3 d6 6. O-O O-O 7. Bb3 Na5 8. Bc2
c5 9. Nbd2 Nc6 10. Nc4 Re8 11. Ne3 Bf8 12. Nh4 Nxe4 13. Nhf5 Nf6 14. d4 cxd4 15.
cxd4 e4 16. d5 Ne5 17. Qd4 Ng6 18. Ng3 Nf4 19. Re1 Bd7 20. Nxe4 Nxe4 21. Bxe4
Qg5 22. Bf3 Nh3+ 23. Kf1 Bb5+ 24. Be2 Bxe2+ 25. Rxe2 Nf4 26. Re1 Rxe3 27. Rxe3
Qxg2+ 28. Ke1 Qg1+ 29. Kd2 Qxf2+ 30. Kd1 Qf1+ 31. Re1 Qf3+ 32. Kc2 Rc8+ 33. Kb1
Nd3 34. Rg1 Qf5 0-1

[Event "Women's Speed Chess Q5"]
[Site "chess.com INT"]
[Date "2020.06.22"]
[Round "5"]
[White "Bommini, Mounika Akshaya"]
[Black "Petrova, Irina"]
[Result "1-0"]
[WhiteTitle "WFM"]
[BlackTitle "WIM"]
[WhiteElo "2029"]
[BlackElo "2087"]
[WhiteFideId "25019872"]
[BlackFideId "14124122"]
[EventDate "2020.06.22"]

1. d4 d5 2. c4 c6 3. Bf4 Nf6 4. e3 Bf5 5. Nc3 e6 6. Qb3 Qc8 7. cxd5 exd5 8. Rc1
Nbd7 9. Nb5 Nh5 10. Nc7+ Kd8 11. Nxa8 Nxf4 12. exf4 Bd6 13. Qg3 Re8+ 14. Be2 f6
15. Qxg7 Bxf4 16. Rc3 Qxa8 17. Rf3 Re7 18. Qg8+ Re8 19. Qxe8+ Kxe8 20. Rxf4 Bg6
21. Nh3 Qd8 22. O-O Qa5 23. Bg4 Qxa2 24. Re1+ Kd8 25. b4 Qd2 26. Ra1 Qxf4 27.
Nxf4 a6 28. Nxg6 hxg6 29. Bxd7 Kxd7 30. Kf1 Kc7 31. Ke2 Kb6 32. Kd3 Kb5 33. Kc3
b6 34. Re1 a5 35. bxa5 bxa5 36. Re6 1-0

[Event "Women's Speed Chess Q5"]
[Site "chess.com INT"]
[Date "2020.06.22"]
[Round "5"]
[White "Fominykh, Maria"]
[Black "Voit, Daria"]
[Result "0-1"]
[WhiteTitle "WGM"]
[BlackTitle "WGM"]
[WhiteElo "2206"]
[BlackElo "2343"]
[WhiteFideId "4142411"]
[BlackFideId "4182146"]
[EventDate "2020.06.22"]

1. d4 Nf6 2. Nf3 e6 3. e3 b6 4. Be2 Bb7 5. O-O d5 6. b3 Bd6 7. c4 O-O 8. Nc3 c5
9. cxd5 Nxd5 10. Bb2 Nd7 11. Nxd5 Bxd5 12. Rc1 Rc8 13. Ba6 Rc7 14. Qe2 cxd4 15.
Nxd4 Qh4 16. g3 Qh3 17. e4 Ba8 18. Nf3 Nf6 19. Rxc7 Bxc7 20. Ng5 Qh6 21. f4 Bd6
22. Bd4 Rd8 23. Rd1 Bf8 24. Be5 Rxd1+ 25. Qxd1 Nxe4 26. Nxe4 Bxe4 27. Qe2 Qg6
28. Bb8 h5 29. Bxa7 h4 30. g4 Bc5+ 31. Kf1 h3 32. Ke1 Bg2 0-1

[Event "Women's Speed Chess Q5"]
[Site "chess.com INT"]
[Date "2020.06.22"]
[Round "5"]
[White "Mkrtchian, Lilit"]
[Black "Bulmaga, Irina"]
[Result "0-1"]
[WhiteTitle "IM"]
[BlackTitle "IM"]
[WhiteElo "2388"]
[BlackElo "2440"]
[WhiteFideId "13300601"]
[BlackFideId "13903063"]
[EventDate "2020.06.22"]

1. d4 Nf6 2. c4 e6 3. Nf3 b6 4. g3 Bb7 5. Bg2 Be7 6. O-O O-O 7. Nc3 Ne4 8. Bd2
d5 9. cxd5 exd5 10. Rc1 a6 11. Bf4 Bd6 12. Bxd6 Qxd6 13. e3 Nxc3 14. Rxc3 Nd7
15. b4 c6 16. Qb3 a5 17. bxa5 Rxa5 18. Rfc1 Rfa8 19. R3c2 h6 20. Bh3 Rb5 21. Qd3
Rba5 22. Qb3 Ra3 23. Qb1 b5 24. Bxd7 Qxd7 25. Ne5 Qh3 26. Nxc6 Bxc6 27. Rxc6
Rxa2 28. Qxb5 Qf5 29. Qf1 Rd2 30. Rd1 Rb2 31. Rcc1 Raa2 32. Ra1 Rxf2 33. Rxa2
Rxf1+ 34. Rxf1 Qd3 35. Raf2 f6 36. Rf3 Kf7 0-1

[Event "Women's Speed Chess Q5"]
[Site "chess.com INT"]
[Date "2020.06.22"]
[Round "5"]
[White "Jakubowska, Anna"]
[Black "Berend, Elvira"]
[Result "0-1"]
[WhiteTitle "WIM"]
[BlackTitle "WGM"]
[WhiteElo "2073"]
[BlackElo "2326"]
[WhiteFideId "1121952"]
[BlackFideId "4000510"]
[EventDate "2020.06.22"]

1. e4 e5 2. Nc3 Nc6 3. g3 Bc5 4. Bg2 d6 5. d3 Nd4 6. Na4 h5 7. Nxc5 dxc5 8. c3
Ne6 9. Be3 b6 10. Ne2 Nf6 11. h3 Qd7 12. f4 exf4 13. gxf4 Bb7 14. Qd2 O-O-O 15.
O-O-O Kb8 16. Rhg1 Qa4 17. e5 Nd5 18. Kb1 h4 19. Be4 g6 20. b3 Qa5 21. Bxd5 Bxd5
22. f5 gxf5 23. Kb2 Be4 24. Nc1 c4 25. bxc4 Qxe5 26. d4 Qa5 27. Nb3 Qa4 28. d5
Qxc4 29. dxe6 Rxd2+ 30. Rxd2 Qxe6 31. Bf4 Rc8 32. Re1 Qc6 33. Nd4 Qc4 34. Nb3 a5
35. Rd4 Qc6 36. Red1 Qb5 37. Ka1 a4 38. Nd2 Bc2 39. Rc1 Be4 40. Rb4 Qc6 41. Nc4
Ka7 42. Nb2 b5 43. c4 a3 44. Nd1 Qc5 45. Rxb5 Qd4+ 46. Nc3 Bd3 47. Ra5+ Kb6 48.
Rb5+ Ka6 49. Rd5 Qxc4 50. Re5 Qxf4 51. Ree1 Qd2 52. Red1 Qb2# 0-1

[Event "Women's Speed Chess Q5"]
[Site "chess.com INT"]
[Date "2020.06.22"]
[Round "5"]
[White "Kubicka, Anna"]
[Black "Mamedjarova, Turkan"]
[Result "0-1"]
[WhiteTitle "WIM"]
[BlackTitle "WGM"]
[WhiteElo "2256"]
[BlackElo "2309"]
[WhiteFideId "1152254"]
[BlackFideId "13402005"]
[EventDate "2020.06.22"]

1. e4 e5 2. Nf3 Nc6 3. Bb5 a6 4. Ba4 Nf6 5. O-O b5 6. Bb3 Bc5 7. c3 d6 8. d4 Bb6
9. Nbd2 O-O 10. d5 Ne7 11. c4 Ng6 12. Bc2 Bg4 13. h3 Bd7 14. b4 a5 15. bxa5 Bxa5
16. Rb1 Bxd2 17. Nxd2 bxc4 18. Nxc4 Rxa2 19. Be3 Ra8 20. Qd2 Nh5 21. Na5 Nhf4
22. Bxf4 Nxf4 23. Kh1 Qg5 24. Rg1 Qh4 25. Rb3 Ba4 26. Ra3 Bxc2 27. Qxc2 Ra7 28.
Raa1 h6 29. Kh2 Rfa8 30. Qc3 Qxf2 31. Raf1 Qb6 32. Nc6 Ra3 33. Ne7+ Kf8 34. Qe1
Kxe7 35. Qh4+ Kf8 36. Qg4 Qb3 37. g3 Ra2+ 38. Kh1 Qc2 0-1

[Event "Women's Speed Chess Q5"]
[Site "chess.com INT"]
[Date "2020.06.22"]
[Round "5"]
[White "Klinova, Masha"]
[Black "Grigoryan, Meri"]
[Result "0-1"]
[WhiteTitle "IM"]
[BlackTitle "WFM"]
[WhiteElo "2275"]
[BlackElo "2044"]
[WhiteFideId "2802015"]
[BlackFideId "13300571"]
[EventDate "2020.06.22"]

1. e4 e5 2. Nf3 Nc6 3. Bc4 Nf6 4. d3 Bc5 5. O-O O-O 6. c3 Bb6 7. a4 a5 8. Nbd2
d5 9. exd5 Nxd5 10. Re1 Bg4 11. h3 Bh5 12. Ne4 Nf4 13. d4 Kh8 14. Ng3 Bxf3 15.
Qxf3 Ng6 16. d5 Nce7 17. Nf5 Nxf5 18. Qxf5 Qf6 19. Qxf6 gxf6 20. g3 Rad8 21. Kg2
Rfe8 22. b3 Kg7 23. Be3 Bxe3 24. fxe3 Ne7 25. e4 f5 26. Re2 fxe4 27. Rxe4 Nxd5
28. Rc1 f5 29. Re2 Kf6 30. Kf2 Ne7 31. Rce1 Nc6 32. Bb5 Rd5 33. c4 Rd3 34. Re3
Rxe3 35. Rxe3 Re6 36. Bxc6 Rxc6 37. Kf3 Rd6 38. Rc3 Rd1 39. c5 Rf1+ 40. Kg2 Rb1
41. c6 b6 42. Rd3 Rb2+ 43. Kg1 e4 44. Rd7 e3 45. Rxc7 Rb1+ 46. Kg2 e2 0-1

[Event "Women's Speed Chess Q5"]
[Site "chess.com INT"]
[Date "2020.06.22"]
[Round "5"]
[White "Zimina, Olga"]
[Black "Osmak, Iulija"]
[Result "0-1"]
[WhiteTitle "IM"]
[BlackTitle "IM"]
[WhiteElo "2378"]
[BlackElo "2438"]
[WhiteFideId "4132190"]
[BlackFideId "14101602"]
[EventDate "2020.06.22"]

1. Nf3 d5 2. c4 c6 3. g3 Nf6 4. Bg2 Bf5 5. cxd5 cxd5 6. Qb3 Nc6 7. d4 Na5 8.
Qa4+ Bd7 9. Qd1 e6 10. Ne5 Bd6 11. O-O Nc6 12. f4 O-O 13. Nc3 Qb6 14. e3 Rfc8
15. g4 Be8 16. g5 Nd7 17. Qg4 Nf8 18. h4 Ne7 19. h5 g6 20. hxg6 hxg6 21. Rf3 Nf5
22. Rh3 Nd7 23. Rh2 Nxe5 24. fxe5 Bf8 25. Qh3 Bg7 26. Bxd5 Rxc3 27. bxc3 exd5
28. e4 dxe4 29. Bf4 Qe6 30. Rd1 Bc6 31. d5 Bxd5 32. Rhd2 Bc6 33. Rd8+ Rxd8 34.
Rxd8+ Bf8 35. Be3 Qe7 36. Rb8 Qc7 37. Ra8 Qxe5 38. Bd4 Nxd4 39. Qc8 Qg3+ 40. Kf1
Bb5+ 41. c4 Qf3+ 42. Ke1 Qe2# 0-1

[Event "Women's Speed Chess Q5"]
[Site "chess.com INT"]
[Date "2020.06.22"]
[Round "5"]
[White "Tarini, Goyal"]
[Black "Tokhirjonova, Gulrukhbegim"]
[Result "0-1"]
[WhiteTitle "WFM"]
[BlackTitle "WGM"]
[WhiteElo "2164"]
[BlackElo "2378"]
[WhiteFideId "5082749"]
[BlackFideId "14203626"]
[EventDate "2020.06.22"]

1. d4 d5 2. c4 e6 3. Nf3 Nf6 4. g3 dxc4 5. Bg2 a6 6. O-O Nc6 7. e3 Bd6 8. Qe2
O-O 9. Qxc4 Qe7 10. Nc3 e5 11. d5 Nb8 12. e4 b5 13. Qe2 Bb7 14. a3 c6 15. Bg5
Nbd7 16. Rfd1 h6 17. Be3 Rac8 18. Rac1 Rfd8 19. h3 cxd5 20. exd5 Nc5 21. Nh4 Nb3
22. Rb1 Qd7 23. Qc2 Na5 24. Qf5 Nc4 25. Bc1 Nxa3 26. bxa3 Rxc3 27. Bb2 Rc4 28.
Qxd7 Nxd7 29. Nf5 Nf8 30. Nxd6 Rxd6 31. Bxe5 Rd8 32. d6 Bxg2 33. Kxg2 f6 34. Bf4
Ne6 35. Be3 Rd7 36. Rd5 Rc6 37. Rbd1 Kf7 38. Kf3 Nd8 39. Bf4 Nb7 40. h4 Ke6 41.
R5d3 g5 42. hxg5 hxg5 0-1

[Event "Women's Speed Chess Q5"]
[Site "chess.com INT"]
[Date "2020.06.22"]
[Round "5"]
[White "Nguyen, Thi Mai Hung"]
[Black "Filippova, Margarita"]
[Result "0-1"]
[WhiteTitle "WGM"]
[BlackTitle "WFM"]
[WhiteElo "2258"]
[BlackElo "1931"]
[WhiteFideId "12401676"]
[BlackFideId "34199680"]
[EventDate "2020.06.22"]

1. d4 Nf6 2. Nf3 d5 3. Bf4 c5 4. e3 Nc6 5. c3 Qb6 6. Qc2 Bf5 7. dxc5 Bxc2 8.
cxb6 Bxb1 9. Rxb1 axb6 10. a3 e6 11. Bb5 Rc8 12. Ne5 Ne4 13. Nxc6 bxc6 14. Ba6
Rd8 15. Bc7 Ra8 16. Bb7 Kd7 17. Bxa8 Kxc7 18. f3 Nd6 19. e4 dxe4 20. fxe4 Nxe4
21. O-O Bc5+ 22. Kh1 f5 23. b4 Nd2 24. bxc5 b5 25. a4 Nxf1 26. Bxc6 Nd2 27. Rd1
Kxc6 28. axb5+ Kxb5 29. Rxd2 Kxc5 30. Re2 Kd6 31. g3 Rc8 32. Re3 e5 33. Kg2 Kd5
34. Kf3 g5 35. Rd3+ Ke6 36. Ke3 e4 37. Rd4 Rxc3+ 38. Kd2 Rd3+ 39. Rxd3 exd3 40.
Kxd3 Ke5 41. Ke3 f4+ 42. gxf4+ gxf4+ 43. Kf3 Kf5 44. h3 h6 0-1

[Event "Women's Speed Chess Q5"]
[Site "chess.com INT"]
[Date "2020.06.22"]
[Round "5"]
[White "Haussernot, Cecile"]
[Black "Dzagnidze, Nana"]
[Result "1-0"]
[WhiteTitle "WIM"]
[BlackTitle "GM"]
[WhiteElo "2171"]
[BlackElo "2524"]
[WhiteFideId "601632"]
[BlackFideId "13601903"]
[EventDate "2020.06.22"]

1. e4 c5 2. Nf3 Nc6 3. Bb5 g6 4. O-O Bg7 5. Bxc6 bxc6 6. h3 Qc7 7. Re1 Nf6 8. c3
O-O 9. d4 cxd4 10. cxd4 Rb8 11. Nc3 d6 12. Qc2 Nd7 13. Bg5 Nb6 14. Rac1 Ba6 15.
Nd5 Nxd5 16. exd5 f6 17. Bf4 Rb6 18. dxc6 e5 19. Bg3 Bb5 20. d5 a5 21. Nd2 f5
22. f4 e4 23. Bf2 Bd3 24. Qa4 Rxb2 25. Nc4 Rxf2 26. Kxf2 Bd4+ 27. Ne3 Bb6 28.
Kg1 g5 29. Kh1 gxf4 30. Nc4 Bc5 31. Qxa5 Qg7 32. Qd2 Qg3 33. Rf1 Be3 34. Nxe3
fxe3 35. Qe1 Qe5 36. Qxe3 Bxf1 37. Rxf1 Qxd5 38. Qg5+ Kh8 39. c7 Qc5 40. Qe7 Rc8
41. Qd8+ Kg7 42. Qxc8 e3 43. Qd7+ Kg6 44. c8=Q 1-0

[Event "Women's Speed Chess Q5"]
[Site "chess.com INT"]
[Date "2020.06.22"]
[Round "5"]
[White "Sharma, Isha"]
[Black "Zhukova, Natalia"]
[Result "1-0"]
[WhiteTitle "WIM"]
[BlackTitle "GM"]
[WhiteElo "2276"]
[BlackElo "2328"]
[WhiteFideId "35006665"]
[BlackFideId "14101513"]
[EventDate "2020.06.22"]

1. e4 e5 2. Nf3 Nc6 3. Bc4 Bc5 4. c3 Nf6 5. d3 O-O 6. Nbd2 d5 7. exd5 Nxd5 8.
Ne4 Be7 9. O-O Bg4 10. h3 Bh5 11. Ng3 Bg6 12. Re1 Nb6 13. Bb5 f6 14. d4 exd4 15.
Bxc6 bxc6 16. Nxd4 Qd7 17. Qf3 Nd5 18. Ngf5 Rfe8 19. Bd2 Bf8 20. c4 Nb6 21. b3
c5 22. Bc3 cxd4 23. Nxd4 c5 24. Nb5 a6 25. Red1 Qf7 26. Nd6 Bxd6 27. Rxd6 Nd7
28. Qc6 Ne5 29. Qxc5 Rac8 30. Qa5 Nc6 31. Qxa6 Qc7 32. Rad1 Ne5 33. Bxe5 fxe5
34. Rd7 Qc6 35. Qa3 Qf6 36. R1d6 Qf4 37. Qa7 Bf7 38. Rd3 Rf8 39. Rf3 Qc1+ 40.
Kh2 1-0

[Event "Women's Speed Chess Q5"]
[Site "chess.com INT"]
[Date "2020.06.22"]
[Round "5"]
[White "Cyfka, Karina"]
[Black "Dauletova, Gulmira"]
[Result "1-0"]
[WhiteTitle "IM"]
[BlackTitle "WIM"]
[WhiteElo "2411"]
[BlackElo "2319"]
[WhiteFideId "1122681"]
[BlackFideId "13702971"]
[EventDate "2020.06.22"]

1. d4 Nf6 2. c4 e6 3. Nf3 d5 4. e3 c5 5. Nc3 dxc4 6. Bxc4 a6 7. a4 Nc6 8. O-O
Be7 9. dxc5 Qxd1 10. Rxd1 Bxc5 11. Ne2 Bd7 12. a5 Rc8 13. b3 Bb4 14. Bd2 Ke7 15.
Nf4 Rhd8 16. Nd3 Bxd2 17. Rxd2 Ne4 18. Rb2 Be8 19. Nde5 Nxe5 20. Nxe5 f6 21. Nf3
Nd6 22. Bf1 Bh5 23. Nd4 e5 24. Nc2 Rc3 25. Nb4 Ne4 26. Bc4 Nc5 27. Nd5+ Rxd5 28.
Bxd5 Nd3 29. Rd2 Nc1 30. Rb1 Bg6 31. e4 Nd3 32. Bxb7 Nc5 33. Bd5 Nxe4 34. Bxe4
Bxe4 35. Rbd1 Bf5 36. h3 Rxb3 37. Rd6 Bc8 38. Rc6 Be6 39. Rxa6 Ra3 40. Ra7+ Ke8
41. a6 Bc4 42. Rb1 Rb3 43. Rxb3 Bxb3 44. Rxg7 Bd5 45. a7 Kf8 46. Rxh7 Kg8 47.
Rc7 Kf8 48. Rc8+ Ke7 1-0

[Event "Women's Speed Chess Q5"]
[Site "chess.com INT"]
[Date "2020.06.22"]
[Round "5"]
[White "Sedina, Elena"]
[Black "Huda, Maryana"]
[Result "0-1"]
[WhiteTitle "IM"]
[BlackTitle "WGM"]
[WhiteElo "2299"]
[BlackElo "2128"]
[WhiteFideId "812153"]
[BlackFideId "14116553"]
[EventDate "2020.06.22"]

1. e4 e5 2. Nf3 Nc6 3. Bc4 Bc5 4. O-O Nf6 5. d3 d6 6. c3 a6 7. a4 Ba7 8. Re1 h6
9. b4 Be6 10. Nbd2 O-O 11. h3 Re8 12. Bxe6 fxe6 13. Nf1 Rf8 14. Be3 Bxe3 15.
Rxe3 Qe8 16. Ng3 Nh5 17. Nxe5 Nxg3 18. Nxc6 Qxc6 19. Rxg3 Qxc3 20. Rc1 Qd4 21.
Qd2 Rf7 22. Rc4 Qf6 23. d4 Raf8 24. Rf3 Qg6 25. Rxf7 Rxf7 26. Qe3 Kh7 27. Kh2 c6
28. Rc2 d5 29. f3 Qf6 30. Re2 Re7 31. e5 Qf8 32. Qd3+ Kg8 33. Rf2 Rf7 34. Qe3
Qxb4 35. f4 Qxa4 36. f5 exf5 37. e6 Re7 38. Rxf5 Qa5 39. Qf4 Qd8 40. Re5 Qe8 41.
Qf5 Qf8 0-1

[Event "Women's Speed Chess Q5"]
[Site "chess.com INT"]
[Date "2020.06.22"]
[Round "5"]
[White "Khalafova, Narmin"]
[Black "Millard, Charlotte"]
[Result "1-0"]
[WhiteTitle "WGM"]
[BlackTitle "WCM"]
[WhiteElo "2279"]
[BlackElo "1252"]
[WhiteFideId "13402625"]
[BlackFideId "14320363"]
[EventDate "2020.06.22"]

1. e4 e5 2. Nf3 Nc6 3. Bb5 a6 4. Ba4 Bc5 5. O-O b5 6. Bb3 Nf6 7. d3 h6 8. a4 b4
9. Nbd2 d6 10. Nc4 O-O 11. a5 Bg4 12. c3 Kh8 13. h3 Bh5 14. Be3 Nd7 15. g4 Bg6
16. d4 exd4 17. cxd4 Ba7 18. Ncd2 Qf6 19. Ba4 Ndb8 20. Rc1 Nxd4 21. Rxc7 Nxf3+
22. Qxf3 Qxf3 23. Nxf3 Bxe3 24. fxe3 Bxe4 25. Nd4 Bd3 26. Rfxf7 Rxf7 27. Rxf7
Bb5 28. Rf8+ Kh7 29. Bc2+ g6 30. Rf7+ Kg8 31. Rc7 Nc6 32. Nxc6 Bxc6 33. Rxc6 Re8
34. Kf2 Re6 35. Bb3 Kf7 36. Rxd6 Kg7 37. Rxe6 h5 38. Rxa6 hxg4 39. hxg4 Kh6 40.
Rb6 Kg5 41. a6 Kxg4 42. a7 Kh4 43. a8=Q g5 44. Qh1+ Kg4 45. Be6# 1-0

[Event "Women's Speed Chess Q5"]
[Site "chess.com INT"]
[Date "2020.06.22"]
[Round "5"]
[White "Shuvalova, Polina"]
[Black "Peycheva, Gergana"]
[Result "1-0"]
[WhiteTitle "WGM"]
[BlackTitle "FM"]
[WhiteElo "2454"]
[BlackElo "2255"]
[WhiteFideId "24171760"]
[BlackFideId "2916711"]
[EventDate "2020.06.22"]

1. e4 c5 2. Nf3 Nc6 3. Bb5 g6 4. Bxc6 dxc6 5. d3 Bg7 6. h3 e5 7. a4 Qe7 8. Na3
Nf6 9. Nc4 Nd7 10. Bd2 O-O 11. O-O Rd8 12. a5 Nf8 13. Bc3 f6 14. Qb1 Ne6 15. b4
Nf4 16. bxc5 Ne2+ 17. Kh1 Nxc3 18. Qb3 Nb5 19. a6 Kh8 20. axb7 Bxb7 21. Na5 Rab8
22. Rfb1 Qxc5 23. Qf7 Ba8 24. Nc4 Rb7 25. Qe6 Re7 26. Qg4 Qxf2 27. Rf1 Qxc2 28.
Ncxe5 fxe5 29. Ng5 Qb3 30. Qh4 Bf8 31. Nxh7 Kg7 32. Nf6 Kf7 33. Qh7+ Ke6 34.
Qg8+ Rf7 35. Nh7 Rd7 36. Ng5+ Kd6 37. Nxf7+ Kc7 38. Qxf8 Bb7 39. Qe8 Nd6 40.
Qxe5 Qxd3 41. Nxd6 Rxd6 42. Rf7+ Kb6 43. Qa5# 1-0

[Event "Women's Speed Chess Q5"]
[Site "chess.com INT"]
[Date "2020.06.22"]
[Round "5"]
[White "Sviridova, Vlada"]
[Black "Javakhishvili, Lela"]
[Result "0-1"]
[WhiteTitle "WFM"]
[BlackTitle "IM"]
[WhiteElo "2144"]
[BlackElo "2475"]
[WhiteFideId "24109606"]
[BlackFideId "13601458"]
[EventDate "2020.06.22"]

1. d4 Nf6 2. c4 e6 3. Nf3 b6 4. g3 Bb7 5. Bg2 Be7 6. O-O O-O 7. Nc3 Ne4 8. Bd2
d6 9. Rc1 Nd7 10. d5 Nxd2 11. Qxd2 e5 12. e4 a5 13. Ne1 Bg5 14. f4 exf4 15. gxf4
Bf6 16. Nf3 Re8 17. Rfe1 g6 18. Re2 Bg7 19. Rce1 Nf6 20. e5 Nh5 21. Ne4 Bc8 22.
Qe3 Bf5 23. Ng3 Bg4 24. Nxh5 Bxh5 25. Qf2 a4 26. h3 Qd7 27. Re4 Rad8 28. Kh1 Qc8
29. Ng5 Qf5 30. exd6 Rxe4 31. Bxe4 Qd7 32. dxc7 Qxc7 33. Bd3 h6 34. Ne4 b5 35.
d6 Qd7 36. cxb5 Qxh3+ 37. Kg1 Bf3 38. Qh2 Bd4+ 39. Nf2 Bxf2+ 40. Kxf2 Qxh2+ 41.
Kxf3 Rxd6 42. Re8+ Kg7 43. Be2 Qh3+ 44. Kf2 Qh4+ 45. Kf3 Qh1+ 46. Kf2 Qb7 47.
Re5 Re6 48. Rc5 Qb6 0-1

[Event "Women's Speed Chess Q5"]
[Site "chess.com INT"]
[Date "2020.06.22"]
[Round "5"]
[White "Matveeva, Olga"]
[Black "Arakhamia-Grant, Ketevan"]
[Result "0-1"]
[WhiteTitle "WIM"]
[BlackTitle "GM"]
[WhiteElo "2171"]
[BlackElo "2380"]
[WhiteFideId "24107018"]
[BlackFideId "13600168"]
[EventDate "2020.06.22"]

1. d4 Nf6 2. c4 c5 3. d5 e5 4. Nc3 d6 5. e4 Nbd7 6. g3 g6 7. Bg2 Bg7 8. Nf3 O-O
9. O-O Ne8 10. Ne1 f5 11. f3 f4 12. Nd3 g5 13. Rb1 Nef6 14. g4 h5 15. h3 Nb6 16.
b3 Kf7 17. Kf2 Rh8 18. Rh1 Bd7 19. a4 Nc8 20. Bb2 Ne7 21. Nb5 Bxb5 22. axb5 Ng6
23. Ra1 Qb6 24. Qd2 a6 25. Qa5 Qxa5 26. Rxa5 axb5 27. Rxb5 Ra7 28. b4 cxb4 29.
c5 Nd7 30. cxd6 Bf8 31. Rxb4 Bxd6 32. Rb5 Rc8 33. Re1 hxg4 34. hxg4 Nh4 35. Bf1
Rc7 36. Be2 Ra2 37. Ra1 Rxa1 38. Bxa1 b6 39. Bb2 Rc2 40. Ke1 Ng2+ 41. Kd1 Ne3+
42. Ke1 Kf6 43. Kf2 Nd1+ 44. Ke1 Ne3 45. Kf2 Nc4 46. Bc1 Nc5 47. Rb1 Nxd3+ 0-1

[Event "Women's Speed Chess Q5"]
[Site "chess.com INT"]
[Date "2020.06.22"]
[Round "5"]
[White "Bartel, Marta"]
[Black "Ziegenfuss, Antonia"]
[Result "0-1"]
[WhiteTitle "WGM"]
[BlackTitle "WFM"]
[WhiteElo "2192"]
[BlackElo "2101"]
[WhiteFideId "1123009"]
[BlackFideId "12962554"]
[EventDate "2020.06.22"]

1. d4 Nf6 2. Nf3 d5 3. g3 e6 4. Bg2 c5 5. O-O Nc6 6. b3 b6 7. Bb2 Bb7 8. Nbd2
Be7 9. e3 O-O 10. Ne5 Nd7 11. Nxc6 Bxc6 12. c4 Nf6 13. Rc1 Rc8 14. Nf3 Bd6 15.
Qe2 Qe7 16. Rfd1 Rfd8 17. dxc5 Bxc5 18. Ne5 Bb7 19. Ng4 Nxg4 20. Qxg4 f5 21. Qe2
Ba6 22. Qf3 dxc4 23. Rxd8+ Rxd8 24. bxc4 Ba3 25. Bxa3 Qxa3 26. Re1 Bxc4 27. Qc6
Qc5 28. Qxc5 bxc5 29. Rc1 Bb5 30. h4 c4 31. a4 Ba6 32. Bf1 Rc8 33. Rc3 Kf7 34.
f3 Ke7 35. Kf2 Kd6 36. e4 fxe4 37. fxe4 Kc5 38. Ke3 Kb4 39. Rc1 Kxa4 40. Kf4 Kb3
41. Ke5 Kb2 42. Re1 Rc6 43. Re2+ Kb3 44. Re1 c3 45. Bxa6 Rxa6 46. Kd4 c2 47. Kd3
Kb2 48. Re2 Rd6+ 49. Kc4 Rd1 50. Kc5 Kb1 51. e5 c1=Q+ 0-1

[Event "Women's Speed Chess Q5"]
[Site "chess.com INT"]
[Date "2020.06.22"]
[Round "5"]
[White "Abrahamyan, Tatev"]
[Black "Foisor, Sabina-Francesca"]
[Result "0-1"]
[WhiteTitle "WGM"]
[BlackTitle "WGM"]
[WhiteElo "2358"]
[BlackElo "2228"]
[WhiteFideId "13301918"]
[BlackFideId "1212915"]
[EventDate "2020.06.22"]

1. e4 c6 2. d4 d5 3. Nc3 g6 4. Nf3 Bg7 5. h3 Nf6 6. e5 Ne4 7. Bd3 Nxc3 8. bxc3
O-O 9. Bg5 c5 10. Qd2 c4 11. Be2 Nc6 12. Bh6 Qa5 13. Kf1 f6 14. h4 Bxh6 15. Qxh6
Qxc3 16. Rd1 Qxc2 17. h5 g5 18. Rd2 Qc1+ 19. Rd1 Qc2 20. Rd2 Qc1+ 21. Rd1 Qf4
22. exf6 Rxf6 23. Qxg5+ Qxg5 24. Nxg5 h6 25. Nf3 Bg4 26. Ne5 Bxe2+ 27. Kxe2 e6
28. Ng6 Kg7 29. f3 Re8 30. f4 Ne7 31. Nxe7 Rxe7 32. g3 Rf8 33. Ke3 Kf6 34. g4
Rg8 35. Rdg1 b5 36. Kf3 c3 37. Rc1 b4 38. Rhe1 a5 39. Re5 Reg7 40. f5 Rxg4 41.
Rxe6+ Kxf5 42. Re5+ Kf6 43. Rxd5 Rh4 44. Rd6+ Kf5 45. Rxh6 Rxd4 46. Ra6 Rd3+ 47.
Ke2 Rd2+ 48. Kf3 Rd3+ 49. Ke2 Rh3 50. Rxa5+ Ke4 51. Rb5 Rg2+ 52. Kf1 Rb2 53.
Rxb4+ Rxb4 54. Re1+ Kf3 0-1

[Event "Women's Speed Chess Q5"]
[Site "chess.com INT"]
[Date "2020.06.22"]
[Round "5"]
[White "Nikoladze, Sopio"]
[Black "Pham, Bich Ngoc"]
[Result "0-1"]
[WhiteTitle "WIM"]
[BlackTitle "WIM"]
[WhiteElo "2132"]
[BlackElo "2235"]
[WhiteFideId "13600427"]
[BlackFideId "12401285"]
[EventDate "2020.06.22"]

1. d4 g6 2. Nf3 Bg7 3. g3 d6 4. Bg2 f5 5. O-O Nf6 6. c4 O-O 7. Nc3 c6 8. Re1 Na6
9. e4 fxe4 10. Nxe4 Nxe4 11. Rxe4 Bf5 12. Re1 Nb4 13. Nh4 Qd7 14. Bg5 Rf7 15.
Qd2 Nd3 16. Nxf5 Qxf5 17. Be4 Qxf2+ 18. Qxf2 Nxf2 19. Kg2 Bxd4 20. Bc2 e5 21.
Rab1 Ng4 22. Re2 Raf8 23. Kh3 h5 24. Bxg6 Rg7 25. Bxh5 Nf2+ 26. Rxf2 Rxf2 27.
Bh4 Rxb2 28. Rf1 Rxa2 29. Bf6 Rh7 30. g4 Rf2 31. Rxf2 Bxf2 32. Kg2 Rxh5 33. gxh5
Be3 34. Kf3 Bc1 35. Ke4 Kf7 36. Bd8 Ke6 37. h4 d5+ 38. cxd5+ cxd5+ 39. Kd3 Kf5
40. Bc7 b5 41. Bb8 a5 42. Bc7 a4 43. Ba5 Bb2 44. h6 Kg6 45. Bd2 a3 46. Kc2 Bd4
47. h5+ Kh7 48. Kb3 Bb2 49. Kc2 e4 50. Be3 d4 51. Bg5 d3+ 52. Kb3 Bd4 53. Kxa3
e3 54. Kb3 d2 55. Kc2 b4 56. Be7 b3+ 57. Kd1 b2 58. Ke2 b1=Q 59. Bf6 d1=Q# 0-1